[Event "South America-ch 1st"]
[Site "Lima"]
[Date "2023.09.20"]
[Round "7"]
[White "Urpeque Guzman, Zayaka Isabel"]
[Black "Alcazar Blanco, Diego"]
[Result "1/2-1/2"]
[WhiteElo "1128"]
[BlackElo "1495"]
[PlyCount "99"]
[EventDate "2023.09.14"]
[EventType "swiss"]
[EventRounds "9"]
[EventCountry "PER"]
[SourceTitle "EXT 2024"]
[Source "ChessBase"]
[SourceDate "2023.10.10"]
[SourceVersion "1"]
[SourceVersionDate "2023.10.10"]
[SourceQuality "1"]

1. Nf3 c5 2. e3 Nf6 3. Nc3 Nc6 4. Bb5 d5 5. Bxc6+ bxc6 6. d4 Bg4 7. h3 Bh5 8. Bd2 e6 9. g4 Bg6 10. Ne5 Rc8 11. h4 cxd4 12. exd4 Qb6 13. h5 Be4 14. f3 Qxd4 15. Nxf7 Kxf7 16. fxe4 Qe5 17. Qe2 Qg3+ 18. Kd1 Qxg4 19. Qxg4 Nxg4 20. Rf1+ Ke8 21. exd5 exd5 22. Ke2 Bc5 23. Rae1 Rf8 24. Kd3+ Kd7 25. Bg5 Ne5+ 26. Ke2 Nf3 27. Na4 Bd6 28. Rxf3 Rce8+ 29. Re3 Rxe3+ 30. Bxe3 Re8 31. Kd2 Re4 32. Nc5+ Bxc5 33. Bxc5 Rxe1 34. Kxe1 a6 35. Bd4 g5 36. hxg6 hxg6 37. Kf2 a5 38. Kg3 Kd6 39. Kf4 c5 40. Bc3 a4 41. Kg5 d4 42. Bd2 c4 43. Kxg6 Kc5 44. Kf5 d3 45. cxd3 a3 46. bxa3 cxd3 47. Ke4 Kb5 48. Kxd3 Ka6 49. a4 Ka7 50. a5 1/2-1/2

[Event "South America-ch 1st"]
[Site "Lima"]
[Date "2023.09.17"]
[Round "4"]
[White "Alcazar Blanco, Diego"]
[Black "Nunez Villazana, Norbil Marco"]
[Result "0-1"]
[WhiteElo "1495"]
[BlackElo "1930"]
[PlyCount "68"]
[EventDate "2023.09.14"]
[EventType "swiss"]
[EventRounds "9"]
[EventCountry "PER"]
[SourceTitle "EXT 2024"]
[Source "ChessBase"]
[SourceDate "2023.10.10"]
[SourceVersion "1"]
[SourceVersionDate "2023.10.10"]
[SourceQuality "1"]

1. d4 d5 2. c4 c6 3. Nc3 Nf6 4. Nf3 e6 5. cxd5 exd5 6. Bg5 Be7 7. e3 h6 8. Bh4 Nbd7 9. Bd3 Nh5 10. Bxe7 Qxe7 11. Nd2 Nf4 12. Bf1 Nf6 13. Qf3 g5 14. h3 Ng6 15. Be2 g4 16. hxg4 Bxg4 17. Qg3 Bxe2 18. Nxe2 0-0-0 19. Rc1 Qb4 20. Rc2 Ne4 21. Qg4+ Kb8 22. Nc3 Nf6 23. Qf5 Qe7 24. a4 Rdg8 25. Ke2 h5 26. g3 Ka8 27. Nf3 Re8 28. a5 a6 29. Na4 Ne4 30. Rxh5 Rxh5 31. Qxh5 Nxg3+ 32. fxg3 Qxe3+ 33. Kf1 Qd3+ 34. Kg1 Qd1+ 0-1

[Event "South America-ch 1st"]
[Site "Lima"]
[Date "2023.09.16"]
[Round "3"]
[White "Sanchez Sanchez, Leonardo Daniel"]
[Black "Alcazar Blanco, Diego"]
[Result "0-1"]
[WhiteElo "1233"]
[BlackElo "1495"]
[PlyCount "60"]
[EventDate "2023.09.14"]
[EventType "swiss"]
[EventRounds "9"]
[EventCountry "PER"]
[SourceTitle "EXT 2024"]
[Source "ChessBase"]
[SourceDate "2023.10.10"]
[SourceVersion "1"]
[SourceVersionDate "2023.10.10"]
[SourceQuality "1"]

1. b3 d5 2. Bb2 c5 3. e3 Nc6 4. Bb5 Bd7 5. f4 a6 6. Bxc6 Bxc6 7. Nf3 e6 8. 0-0 Nf6 9. c4 g6 10. cxd5 exd5 11. d4 c4 12. bxc4 dxc4 13. Ne5 Rc8 14. Qe2 b5 15. Nc3 b4 16. Nxc6 Rxc6 17. Qf3 Rc8 18. Ne4 Bg7 19. Nc5 c3 20. Bc1 a5 21. a3 0-0 22. axb4 axb4 23. Ra4 Qb6 24. e4 Qb5 25. Ra7 Qc4 26. Rd1 c2 27. Rd3 Rxc5 28. dxc5 Nxe4 29. Re3 Nxc5 30. Ra8 Bd4 0-1